000 00560nam a22001937a 4500
999 _c170830
_d170830
005 20191227104654.0
010 _aA-276726
020 _c25.00
_a-
035 _aA-276726
037 _bBPPD
082 _a847
100 _aر ا م لعل نا بھو ی
245 _aتبسم
_cر ا م لعل نا بھو ی
246 _a Tabassum (Urdu)
_bby Rm Lal Nabhvi
260 _aPunjab
_c1986 ء
_bRm Lal Nabhvi
270 _aMohlla Deewan,Nabha,
_bPunjab
_k-
_e147201
300 _a140 ص
_c22 cm(hb)
942 _2ddc
_cUR
_h847
_mر ا م